[Event "Landesliga U20 Sued 1718"]
[Site "Bayern"]
[Date "2017.12.02"]
[Round "2.4"]
[White "Speter, Ivan"]
[Black "Frank, Sebastian"]
[Result "1-0"]
[WhiteElo "1495"]
[BlackElo "1015"]
[PlyCount "67"]
[EventDate "2017.11.18"]
[EventType "team-tourn"]
[EventRounds "7"]
[EventCountry "GER"]
[SourceTitle "EXT 2022"]
[Source "ChessBase"]
[SourceDate "2021.10.06"]
[SourceVersion "1"]
[SourceVersionDate "2021.10.06"]
[SourceQuality "1"]
[WhiteTeam "Dorfen PSV U20"]
[BlackTeam "Kriegshaber SK U20"]
[WhiteTeamCountry "GER"]
[BlackTeamCountry "GER"]

1. Nf3 d5 2. g3 Bf5 3. Bg2 e6 4. 0-0 Nf6 5. c4 c6 6. d3 Bc5 7. b3 Qb6 8. Bb2 Ng4 9. d4 Be7 10. Nbd2 Nd7 11. Re1 c5 12. e4 Bg6 13. exd5 exd5 14. dxc5 Nxc5 15. Bxg7 Rg8 16. Bd4 Kf8 17. cxd5 Qd6 18. Nc4 Qxd5 19. Bg7+ Rxg7 20. Qxd5 Nf6 21. Qe5 Re8 22. Rad1 Nd3 23. Qb5 Nxe1 24. Rxe1 b6 25. Nfe5 Bc5 26. Nxg6+ hxg6 27. Rxe8+ Nxe8 28. Ne5 Nd6 29. Qc6 Kg8 30. Nd7 f5 31. Nxc5 bxc5 32. Qxd6 g5 33. Qxc5 Rd7 34. Qc8+ 1-0